[Event "Sparkassen-Open B"]
[Site "Heusenstamm, Martinsee"]
[Date "2021.11.19"]
[Round "3.36"]
[White "Vranckx, Oscar"]
[Black "Jansen, Malte"]
[Result "1-0"]
[WhiteElo "1345"]
[BlackElo "1427"]
[PlyCount "25"]
[EventDate "2021.??.??"]
[WhiteTeam "SF Mainz"]
[BlackTeam "SC Herborn"]

1. e4 e5 2. Nf3 Nc6 3. d4 exd4 4. Nxd4 Nxd4 5. Qxd4 Nf6 6. e5 Nh5 7. g4 Qh4 8.
Qd1 Bc5 9. Qe2 O-O 10. gxh5 Re8 11. Nd2 d6 12. Nf3 Qf6 13. exf6 1-0

[Event "Sparkassen-Open B"]
[Site "Heusenstamm, Martinsee"]
[Date "2021.11.19"]
[Round "3.37"]
[White "Kosak, Karolina"]
[Black "Gärtner, Johannes"]
[Result "1-0"]
[WhiteElo "1319"]
[BlackElo "1354"]
[PlyCount "43"]
[EventDate "2021.??.??"]
[WhiteTeam "SV Frankfurt Nord"]
[BlackTeam "SF Mainz"]

1. e4 e6 2. d4 d5 3. e5 c5 4. c3 Nc6 5. Nf3 Qb6 6. Be2 Bd7 7. O-O Nge7 8. Na3
Nf5 9. Nc2 Be7 10. Rb1 cxd4 11. cxd4 a5 12. b3 O-O 13. g4 Nh4 14. Nxh4 Bxh4 15.
g5 f6 16. gxf6 gxf6 17. Bh6 Rf7 18. Bh5 Re7 19. Qg4+ Kh8 20. Qxh4 Rg8+ 21. Kh1
fxe5 22. Qf6+ 1-0

[Event "Sparkassen-Open B"]
[Site "Heusenstamm, Martinsee"]
[Date "2021.11.19"]
[Round "3.39"]
[White "Gräf, Jakob Vincent"]
[Black "Merz, Leander"]
[Result "1-0"]
[WhiteElo "1557"]
[BlackElo "1268"]
[PlyCount "83"]
[EventDate "2021.??.??"]
[WhiteTeam "SV Frankfurt Nord"]
[BlackTeam "Schachforum Darmstadt"]

1. e4 c5 2. Nf3 d6 3. Bc4 Nf6 4. d3 Nc6 5. Bg5 Bg4 6. Nbd2 Bxf3 7. Nxf3 b5 8.
Bb3 Qb6 9. O-O g6 10. Bxf6 exf6 11. c3 Bg7 12. Re1 O-O 13. Qd2 Rfe8 14. Rad1
Rad8 15. h3 a5 16. a3 Rd7 17. d4 Rde7 18. dxc5 dxc5 19. Bc2 Rd8 20. Qf4 Ne5 21.
Nxe5 fxe5 22. Qg5 f6 23. Qe3 Red7 24. Rxd7 Rxd7 25. Bb3+ Kh8 26. Bd5 f5 27. f3
f4 28. Qf2 Bf6 29. g3 fxg3 30. Qxg3 c4+ 31. Kg2 b4 32. Qg4 Rc7 33. axb4 axb4
34. cxb4 Qxb4 35. Qe6 Kg7 36. Re2 c3 37. bxc3 Qxc3 38. Qg8+ Kh6 39. Qf8+ Bg7
40. Qd8 g5 41. h4 Qc1 42. f4 1-0

[Event "Sparkassen-Open B"]
[Site "Heusenstamm, Martinsee"]
[Date "2021.11.19"]
[Round "3.42"]
[White "Reinhold, Günther"]
[Black "Neininger, Sarah"]
[Result "1-0"]
[WhiteElo "1716"]
[BlackElo "1380"]
[PlyCount "75"]
[EventDate "2021.??.??"]
[WhiteTeam "Frankfurter TV"]
[BlackTeam "VSG Offenbach"]

1. e4 c5 2. Be2 Nc6 3. f4 d5 4. exd5 Qxd5 5. Nf3 Nf6 6. d3 g6 7. Nc3 Qd8 8. O-O
Bg7 9. Ne4 b6 10. c3 O-O 11. Kh1 Bf5 12. Nfg5 Nxe4 13. dxe4 Qxd1 14. Rxd1 Bc8
15. Be3 e5 16. Rd6 exf4 17. Bxf4 Ne5 18. Rad1 Ng4 19. Kg1 Nf6 20. e5 Ng4 21.
Nf3 Bb7 22. Rd7 Bc6 23. R7d6 Rac8 24. Ba6 Rc7 25. Re1 Re8 26. e6 f5 27. Bc4 Kf8
28. h3 Bxf3 29. gxf3 Nf6 30. Bb5 Rec8 31. Rd7 Rxd7 32. Bxd7 Ra8 33. e7+ Kf7 34.
Bc6 Rc8 35. Bb5 Ne8 36. Bc4+ Kf6 37. h4 h6 38. Be5+ 1-0

[Event "Sparkassen-Open B"]
[Site "Heusenstamm, Martinsee"]
[Date "2021.11.19"]
[Round "3.43"]
[White "Burlutskaia, Maria"]
[Black "Klein, Simon"]
[Result "1-0"]
[WhiteElo "1415"]
[BlackElo "1379"]
[PlyCount "49"]
[EventDate "2021.??.??"]
[WhiteTeam "TTC Grün-Weiß Fritzdorf"]
[BlackTeam "SK Hungen"]

1. e4 d6 2. d4 Nf6 3. Nc3 Nbd7 4. f4 e5 5. fxe5 dxe5 6. dxe5 Nxe5 7. Qxd8+ Kxd8
8. Nf3 Ng6 9. Bg5 Be7 10. O-O-O+ Bd7 11. Bc4 Ke8 12. Bxf6 Bxf6 13. Bxf7+ Ke7
14. Bxg6 hxg6 15. e5 Bxe5 16. Nxe5 Bf5 17. g4 Kf6 18. gxf5 Kxe5 19. fxg6 Ke6
20. Nb5 Rac8 21. c4 a6 22. Nc3 Rh6 23. Rhe1+ Kf6 24. Nd5+ Kxg6 25. Ne7+ 1-0

[Event "Sparkassen-Open B"]
[Site "Heusenstamm, Martinsee"]
[Date "2021.11.19"]
[Round "3.44"]
[White "Grebe, Sabrina"]
[Black "Margraf, Dieter"]
[Result "0-1"]
[WhiteElo "1049"]
[BlackElo "1482"]
[PlyCount "40"]
[EventDate "2021.??.??"]
[WhiteTeam "SC Heusenstamm"]
[BlackTeam "SC Sulzbach-Rosenberg"]

1. e4 d5 2. Nc3 d4 3. Nd5 e6 4. Nf4 e5 5. Nd3 Bd6 6. Nf3 Nc6 7. c3 Qe7 8. b4 f5
9. Ng1 fxe4 10. Nb2 d3 11. h3 Nf6 12. f3 O-O 13. fxe4 Nxe4 14. h4 Nf2 15. Qb3+
Be6 16. Qa3 Nxh1 17. Nxd3 Qxh4+ 18. Kd1 Rxf1+ 19. Ke2 Ng3+ 20. Ke3 Qe4# 0-1

[Event "Sparkassen-Open B"]
[Site "Heusenstamm, Martinsee"]
[Date "2021.11.19"]
[Round "3.45"]
[White "de Boer, Alex"]
[Black "Derr, Oleg"]
[Result "1-0"]
[WhiteElo "1213"]
[BlackElo "1198"]
[PlyCount "45"]
[EventDate "2021.??.??"]
[WhiteTeam "SK Bickenbach"]
[BlackTeam "VSG Offenbach"]

1. e4 c5 2. Nc3 e6 3. Bc4 a6 4. a4 Nc6 5. d3 Nf6 6. f4 d5 7. Bb3 Qa5 8. Bd2 Qc7
9. Nf3 d4 10. Ne2 e5 11. f5 Be7 12. O-O O-O 13. Qe1 Bd7 14. Qg3 Rfe8 15. Bh6
Nh5 16. Qg4 g6 17. Nh4 Qd6 18. Rf3 Qf6 19. Rh3 Ng7 20. Rf1 gxf5 21. Nxf5 Bxf5
22. Rxf5 Qg6 23. Bxf7+ 1-0

[Event "Sparkassen-Open B"]
[Site "Heusenstamm, Martinsee"]
[Date "2021.11.19"]
[Round "3.46"]
[White "Alt, Johannes"]
[Black "Meuer, Stephan"]
[Result "1/2-1/2"]
[WhiteElo "1283"]
[BlackElo "1182"]
[PlyCount "82"]
[EventDate "2021.??.??"]
[WhiteTeam "SF Heidesheim"]
[BlackTeam "SV Lahnstein"]

1. d4 e6 2. Nf3 Nf6 3. Bf4 Nc6 4. e3 a6 5. Bd3 d5 6. c3 h6 7. h3 Bd6 8. Bxd6
Qxd6 9. Nbd2 O-O 10. O-O Bd7 11. Re1 Rfe8 12. e4 dxe4 13. Nxe4 Nxe4 14. Bxe4
Rad8 15. Qe2 Bc8 16. Ne5 Nxe5 17. dxe5 Qe7 18. Qc4 c6 19. Re2 Rd7 20. Rae1 Red8
21. Bc2 Qg5 22. f4 Qh4 23. Kh2 Rd2 24. g3 Qe7 25. Bb3 g6 26. g4 Qh4 27. Rxd2
Rxd2+ 28. Re2 Rxe2+ 29. Qxe2 Qd8 30. Kg3 Kg7 31. h4 b5 32. Qe4 c5 33. Bc2 Qd7
34. h5 Bb7 35. Qe2 Qd5 36. hxg6 fxg6 37. b3 Qh1 38. Qf2 Qd5 39. Kh3 Qh1+ 40.
Kg3 Qd5 41. Kh3 Qh1+ 1/2-1/2

[Event "Sparkassen-Open B"]
[Site "Heusenstamm, Martinsee"]
[Date "2021.11.19"]
[Round "3.47"]
[White "Hott, Arthur"]
[Black "Gräf, Kilian Gabriel"]
[Result "1/2-1/2"]
[WhiteElo "1239"]
[BlackElo "1434"]
[PlyCount "93"]
[EventDate "2021.??.??"]
[WhiteTeam "SC Bad Soden"]
[BlackTeam "SV Frankfurt Nord"]

1. d4 Nf6 2. Nc3 g6 3. e4 d5 4. exd5 Nxd5 5. Nxd5 Qxd5 6. Nf3 Bg7 7. c3 O-O 8.
Bd3 Bg4 9. h3 Bxf3 10. Qxf3 Qxf3 11. gxf3 Nd7 12. O-O e5 13. dxe5 Nxe5 14. Be4
c6 15. Kg2 Nd7 16. Be3 Nf6 17. Bc2 Rfe8 18. Rfe1 Re6 19. Bc5 b6 20. Rxe6 fxe6
21. Be3 Nd5 22. Bg5 e5 23. Bb3 Kh8 24. Kg3 Rf8 25. Bd2 Nf4 26. Bd1 Nd3 27. b3
e4 28. Be2 Be5+ 29. Kg2 Nf4+ 30. Bxf4 exf3+ 31. Bxf3 Rxf4 32. Rc1 c5 33. c4 Bd4
34. Re1 Rf7 35. Re2 Kg7 36. Bd5 Rd7 37. Re6 Rc7 38. f3 Bf6 39. Kg3 Re7 40.
Rxe7+ Bxe7 41. Kf4 Kf6 42. Bg8 Bd6+ 43. Ke4 h5 44. Bd5 Kg5 45. Be6 Bc7 46. a4
a5 47. Bf7 1/2-1/2

[Event "Sparkassen-Open B"]
[Site "Heusenstamm, Martinsee"]
[Date "2021.11.19"]
[Round "3.49"]
[White "Büttner, Anton"]
[Black "Wirtjes, Edzard"]
[Result "0-1"]
[WhiteElo "1234"]
[BlackElo "1552"]
[PlyCount "132"]
[EventDate "2021.??.??"]
[WhiteTeam "OSG Baden-Baden"]
[BlackTeam "Fortuna Logabirum"]

1. e4 c5 2. Nf3 d6 3. Nc3 Nc6 4. Bc4 Nf6 5. d3 g6 6. Be3 Bg7 7. O-O O-O 8. Qd2
Ng4 9. h3 Nxe3 10. fxe3 e6 11. Rf2 a6 12. a3 b5 13. Ba2 Rb8 14. Raf1 b4 15.
axb4 cxb4 16. Nd1 a5 17. Nh2 a4 18. Bb1 e5 19. Rf3 h5 20. c3 b3 21. d4 Ba6 22.
Bd3 Bxd3 23. Qxd3 Qb6 24. R1f2 Rb7 25. Re2 Ra8 26. Rff2 Qc7 27. Nf1 Na5 28. Nd2
Rab8 29. Nb1 Nc4 30. Na3 Nxa3 31. bxa3 Rc8 32. Rb2 Bf8 33. d5 Qc5 34. Qa6 Ra7
35. Qd3 Qxa3 36. Qb1 Qc5 37. Kh2 Qc4 38. Kg1 Rb8 39. Rfe2 a3 40. Rbd2 Rab7 41.
Kf2 a2 42. Qa1 Qxe4 43. Re1 Rb5 44. c4 Qxc4 45. e4 Bh6 46. Rde2 Rc8 47. Nb2
Qd4+ 48. Kf1 Rbc5 49. Qd1 Qxd1 50. Rxd1 Rc1 51. Rde1 a1=Q 52. Nd3 Rxe1+ 53.
Nxe1 Rc1 54. Kf2 Rxe1 55. Rxe1 Qxe1+ 56. Kxe1 b2 57. Kf2 b1=Q 58. g4 Qxe4 59.
gxh5 Be3+ 60. Ke2 Bd4+ 61. Kd2 Qe3+ 62. Kc2 Qc3+ 63. Kd1 Be3 64. Ke2 Qd2+ 65.
Kf3 f5 66. Kg3 Qf2# 0-1

[Event "Sparkassen-Open B"]
[Site "Heusenstamm, Martinsee"]
[Date "2021.11.19"]
[Round "3.50"]
[White "Gärtner, David"]
[Black "Goodwin, David"]
[Result "0-1"]
[WhiteElo "1185"]
[BlackElo "1542"]
[PlyCount "148"]
[EventDate "2021.??.??"]
[WhiteTeam "SF Mainz"]
[BlackTeam "SV Kelsterbach"]

1. d4 g6 2. Bf4 Bg7 3. c4 d6 4. Nc3 Nc6 5. e3 a6 6. Nf3 Bg4 7. Be2 e5 8. dxe5
Nxe5 9. h3 Bxf3 10. Bxe5 Bxe5 11. Bxf3 c6 12. Qc2 Ne7 13. Rd1 Qc7 14. O-O O-O
15. Rd3 Rad8 16. Rfd1 Nf5 17. R1d2 Nh4 18. Be2 Qe7 19. Qd1 f5 20. c5 d5 21. b4
Qg5 22. Qf1 f4 23. exf4 Bxf4 24. Rd1 Rde8 25. Kh1 Be5 26. Re1 Bxc3 27. Rxc3 Nf5
28. Rd3 Ne3 29. Qg1 Nc2 30. Rb3 Nxe1 31. Qxe1 Re7 32. Kg1 Rfe8 33. Rb2 d4 34.
Qd1 Qe5 35. Rd2 d3 36. Bf3 Qe1+ 37. Qxe1 Rxe1+ 38. Kh2 Rd8 39. Kg3 Re5 40. Kf4
Re1 41. Be4 Rf8+ 42. Ke5 Re8+ 43. Kf6 R1xe4 44. Rxd3 R4e6+ 45. Kg5 Kg7 46. Rd7+
R8e7 47. Rd3 h6+ 48. Kf4 Re2 49. Kf3 Rxa2 50. g4 Rf7+ 51. Kg3 Raxf2 52. Re3 Rb2
53. Re4 Rb3+ 54. Kg2 Rd7 55. Re2 Rxb4 56. Rc2 a5 57. Ra2 a4 58. Kf2 Rdd4 59.
Ke2 Rdc4 60. Kd2 Rxc5 61. Ke2 Rcb5 62. Kd3 Rb3+ 63. Kd4 a3 64. Kc4 Rxh3 65. Kd4
Rb2 66. Ra1 Rhb3 67. Kc4 Rb1 68. Ra2 Rg3 69. Kc5 Rgb3 70. Kc4 R1b2 71. Ra1 a2
72. Kd4 Ra3 73. Kc4 Rb1 74. Rxa2 Rxa2 0-1

[Event "Sparkassen-Open B"]
[Site "Heusenstamm, Martinsee"]
[Date "2021.11.19"]
[Round "3.51"]
[White "Koholka, Jan"]
[Black "Niesel, Markus"]
[Result "1-0"]
[WhiteElo "1533"]
[BlackElo "891"]
[PlyCount "45"]
[EventDate "2021.??.??"]
[WhiteTeam "SK Langen"]
[BlackTeam "SV Ffm-Griesheim"]

1. e4 e5 2. Nf3 Nf6 3. Nxe5 Nxe4 4. Qe2 d6 5. Qxe4 dxe5 6. Qxe5+ Be6 7. Bc4 Qd7
8. Bxe6 fxe6 9. O-O Bd6 10. Qe4 Nc6 11. Nc3 Nd4 12. Qxb7 O-O 13. Qe4 Rae8 14.
Ne2 e5 15. d3 Nxc2 16. Qc4+ Rf7 17. Qxc2 Qf5 18. Ng3 Qg6 19. Ne4 Be7 20. Be3
Qg4 21. Rac1 Bh4 22. Qc4 Re6 23. Nf6+ 1-0

[Event "Sparkassen-Open B"]
[Site "Heusenstamm, Martinsee"]
[Date "2021.11.19"]
[Round "3.52"]
[White "Moissl, Julian"]
[Black "Schmidt, Moritz"]
[Result "0-1"]
[WhiteElo "1171"]
[BlackElo "1425"]
[PlyCount "72"]
[EventDate "2021.??.??"]
[WhiteTeam "SK Bad Homburg"]
[BlackTeam "SVG Plettenberg"]

1. d4 Nf6 2. c4 e6 3. Nc3 Bb4 4. Bd2 d5 5. Nf3 c5 6. e3 Nc6 7. Bd3 O-O 8. O-O
dxc4 9. Bxc4 cxd4 10. exd4 Nxd4 11. Be3 Nxf3+ 12. Qxf3 Bxc3 13. bxc3 Qc7 14.
Qe2 b6 15. Rac1 Bb7 16. Rfd1 Qc6 17. f3 Rfd8 18. Rxd8+ Rxd8 19. Rd1 Rxd1+ 20.
Qxd1 h6 21. Bb3 Qxc3 22. Qd2 Qxd2 23. Bxd2 Bd5 24. Bc2 Bxa2 25. Kf2 Kf8 26. Ke3
Ke7 27. Kd3 Kd6 28. Kc3 Nd5+ 29. Kb2 Bc4 30. Ka3 b5 31. g4 Be2 32. Be4 f5 33.
gxf5 exf5 34. Bxf5 Bxf3 35. Bd3 a6 36. Kb3 Kc5 0-1

[Event "Sparkassen-Open B"]
[Site "Heusenstamm, Martinsee"]
[Date "2021.11.19"]
[Round "3.55"]
[White "Deboer, Martin"]
[Black "Matsoukas, Konstantinos"]
[Result "0-1"]
[WhiteElo "763"]
[BlackElo "1148"]
[PlyCount "112"]
[EventDate "2021.??.??"]
[WhiteTeam "SK Bickenbach"]
[BlackTeam "Frankfurter TV"]

1. e4 e5 2. Nf3 Nc6 3. g3 Nf6 4. Nc3 d5 5. d3 dxe4 6. dxe4 Qxd1+ 7. Nxd1 Nxe4
8. Bb5 Bg4 9. Bxc6+ bxc6 10. Nxe5 Bxd1 11. Kxd1 Nxf2+ 12. Ke2 Nxh1 13. Nxc6 Bc5
14. Be3 Bxe3 15. Kxe3 O-O 16. Rxh1 Rfe8+ 17. Kf3 Re6 18. Nd4 Rf6+ 19. Kg2 Rd8
20. Nf3 Kf8 21. Re1 Re6 22. Rf1 Re2+ 23. Kh3 Rxc2 24. Ng5 Rdd2 25. Rxf7+ Kg8
26. Re7 Rxh2+ 27. Kg4 Kf8 28. Rd7 Rc4+ 29. Kf5 Rf2+ 30. Ke5 Rc5+ 31. Kd4 Rxg5
32. Rxc7 Rd2+ 33. Kc3 Rd1 34. Rc8+ Kf7 35. Rc7+ Ke6 36. Rc6+ Rd6 37. Rxd6+ Kxd6
38. a4 Rxg3+ 39. Kb4 Rg2 40. b3 Rg4+ 41. Kb5 h5 42. a5 Kc7 43. a6 h4 44. b4
Rxb4+ 45. Kxb4 Kb6 46. Kc4 h3 47. Kd5 h2 48. Kd6 h1=Q 49. Kd7 Qc6+ 50. Kd8 Qc7+
51. Ke8 Kc6 52. Kf8 Kd6 53. Kg8 g5 54. Kh8 Ke6 55. Kg8 Kf6 56. Kh8 Qg7# 0-1

[Event "Sparkassen-Open B"]
[Site "Heusenstamm, Martinsee"]
[Date "2021.11.20"]
[Round "4.1"]
[White "Ngo, Quang Thai"]
[Black "Lasschuit, Rene"]
[Result "1-0"]
[WhiteElo "1779"]
[BlackElo "1665"]
[PlyCount "59"]
[EventDate "2021.??.??"]
[WhiteTeam "SV Griesheim"]
[BlackTeam "SV Berolina Mitte"]

1. e4 c5 2. Nf3 g6 3. d4 cxd4 4. Qxd4 Nf6 5. Nc3 Nc6 6. Qa4 d6 7. e5 Ng4 8.
exd6 Qxd6 9. Bb5 Bg7 10. Ne4 Qc7 11. Bf4 e5 12. Bg3 O-O 13. O-O Bf5 14. Rfe1
Rad8 15. h3 Nh6 16. Bxc6 bxc6 17. Nxe5 Qb7 18. Nc4 Qb5 19. Qb3 Be6 20. Ned6
Qxb3 21. axb3 Rd7 22. Ra6 Nf5 23. c3 Nxd6 24. Nxd6 Bxb3 25. Rxc6 a5 26. Ne4 a4
27. Bd6 Ra8 28. Nc5 Rad8 29. Nxd7 Rxd7 30. Re8+ 1-0

[Event "Sparkassen-Open B"]
[Site "Heusenstamm, Martinsee"]
[Date "2021.11.20"]
[Round "4.2"]
[White "Bardorz, Christoph"]
[Black "Schwab, Tizian"]
[Result "1-0"]
[WhiteElo "1764"]
[BlackElo "1634"]
[PlyCount "120"]
[EventDate "2021.??.??"]
[WhiteTeam "TSV Rottendorf"]
[BlackTeam "TV-Großostheim"]

1. e4 c6 2. d4 d5 3. exd5 cxd5 4. c4 Nf6 5. Nc3 b6 6. cxd5 Nxd5 7. Qf3 e6 8.
Nxd5 Qxd5 9. Qxd5 exd5 10. Bb5+ Bd7 11. Bxd7+ Nxd7 12. Nf3 Bb4+ 13. Bd2 Bxd2+
14. Nxd2 Rc8 15. Kd1 Nf6 16. f3 Kd7 17. Re1 Rc6 18. Rc1 Rhc8 19. Rxc6 Rxc6 20.
Re3 Ng8 21. Nb3 Rg6 22. Re2 Ne7 23. Kd2 Nc6 24. a3 Rh6 25. g3 Rf6 26. Re3 Rh6
27. Re2 Re6 28. Rxe6 Kxe6 29. h4 Kf5 30. Ke3 g5 31. g4+ Kg6 32. h5+ Kf6 33. Kd3
Ke6 34. Kc3 f5 35. Nc1 fxg4 36. fxg4 Kd6 37. Nd3 Ne7 38. Ne5 Ke6 39. Kb4 a6 40.
a4 Nf5 41. gxf5+ Kxf5 42. a5 bxa5+ 43. Kc5 Ke4 44. b3 h6 45. Ng4 Kd3 46. Nxh6
Kc3 47. Ng4 Kxb3 48. h6 a4 49. h7 a3 50. h8=Q a2 51. Qh1 Kb2 52. Kxd5 a5 53.
Kc4 a4 54. Kb4 a3 55. Qg2+ Kb1 56. Qf1+ Kb2 57. Qe2+ Kb1 58. Kb3 a1=N+ 59. Kc3
Nc2 60. Qxc2+ Ka1 1-0

[Event "Sparkassen-Open B"]
[Site "Heusenstamm, Martinsee"]
[Date "2021.11.20"]
[Round "4.4"]
[White "Akhmatovski, Maxim"]
[Black "Keymer, Cecilia"]
[Result "1-0"]
[WhiteElo "1359"]
[BlackElo "1634"]
[PlyCount "135"]
[EventDate "2021.??.??"]
[WhiteTeam "SV Oberursel"]
[BlackTeam "SK Gau-Algesheim"]

1. e4 e5 2. Nf3 Nc6 3. Bc4 Bc5 4. c3 Nf6 5. d3 d6 6. O-O a6 7. Bb3 Ba7 8. Nbd2
O-O 9. h3 h6 10. Re1 Re8 11. Nf1 Be6 12. Ng3 d5 13. exd5 Nxd5 14. Qc2 Nf6 15.
Be3 Bxb3 16. axb3 Nd5 17. Bxa7 Rxa7 18. d4 exd4 19. Rxe8+ Qxe8 20. Rd1 Ra8 21.
Nxd4 Nxd4 22. Rxd4 Nf6 23. Qd1 b5 24. Kh2 Kh7 25. Qd3+ Kg8 26. Nf5 Qe5+ 27. f4
Qe6 28. Rd8+ Rxd8 29. Qxd8+ Kh7 30. Nd4 Qd7 31. Qa8 Qd6 32. g3 c5 33. Qc6 Qxc6
34. Nxc6 Nd7 35. Kg2 Kg6 36. Ne7+ Kf6 37. Nd5+ Ke6 38. Nc7+ Ke7 39. Nxa6 Kd6
40. Kf3 Kc6 41. b4 c4 42. Ke4 Kb6 43. Nc5 Nxc5+ 44. bxc5+ Kxc5 45. Ke5 Kc6 46.
f5 h5 47. g4 hxg4 48. hxg4 Kd7 49. g5 Ke7 50. f6+ gxf6+ 51. gxf6+ Kd7 52. Kd5
Kc7 53. Kc5 Kd7 54. Kxb5 Ke6 55. Kxc4 Kxf6 56. b4 Ke6 57. Kd4 f5 58. Ke3 Ke5
59. c4 f4+ 60. Kf3 Kd4 61. b5 Ke5 62. c5 Kd5 63. b6 Kc6 64. Kxf4 Kd7 65. Ke5
Kc6 66. Ke6 Kb7 67. Kd7 Kb8 68. c6 1-0

[Event "Sparkassen-Open B"]
[Site "Heusenstamm, Martinsee"]
[Date "2021.11.20"]
[Round "4.5"]
[White "Merges, Harald"]
[Black "Steinke, Hans-Jörg"]
[Result "1-0"]
[WhiteElo "1781"]
[BlackElo "1745"]
[PlyCount "65"]
[EventDate "2021.??.??"]
[WhiteTeam "SG Reil-Kinheim"]
[BlackTeam "SV Erkenschwick"]

1. e4 e6 2. d4 d5 3. e5 c5 4. c3 Nc6 5. Nf3 Bd7 6. a3 c4 7. b4 cxb3 8. Nbd2 Na5
9. Bb2 Ba4 10. Bd3 Rc8 11. Qe2 a6 12. c4 dxc4 13. Nxc4 Nxc4 14. Bxc4 Ne7 15.
O-O Nd5 16. Nd2 Bc6 17. g3 h5 18. f4 h4 19. g4 g6 20. Rac1 Bh6 21. g5 Bxg5 22.
fxg5 Qxg5+ 23. Kf2 Nf4 24. Qe3 Qg2+ 25. Ke1 g5 26. Qf2 Qg4 27. Be2 Qf5 28. Rc3
Ng2+ 29. Qxg2 Bxg2 30. Rxc8+ Kd7 31. Rxf5 Rxc8 32. Rxf7+ Ke8 33. Bh5 1-0

[Event "Sparkassen-Open B"]
[Site "Heusenstamm, Martinsee"]
[Date "2021.11.20"]
[Round "4.6"]
[White "Michalski, Uwe"]
[Black "Blank, Stephan"]
[Result "0-1"]
[WhiteElo "1753"]
[BlackElo "1631"]
[PlyCount "108"]
[EventDate "2021.??.??"]
[WhiteTeam "SF Mainz"]
[BlackTeam "SC FK Babenhausen"]

1. e4 e5 2. Bc4 Bc5 3. Bxf7+ Kxf7 4. Qh5+ Kf8 5. Qxe5 Bd6 6. Qc3 Qe7 7. Qf3+
Qf6 8. Qe2 b6 9. Nf3 Ba6 10. d3 Bf4 11. Nc3 Ne7 12. e5 Qh6 13. Bxf4 Qxf4 14. g3
Qh6 15. Qe4 Nbc6 16. d4 Qg6 17. Qf4+ Qf5 18. Qxf5+ Nxf5 19. O-O-O Re8 20. g4
Nh6 21. h3 Ke7 22. d5 Nb8 23. Nd4 c5 24. Ndb5 Bxb5 25. Nxb5 Na6 26. f4 Nf7 27.
Rhe1 d6 28. Nxa7 dxe5 29. fxe5 Kd8 30. e6 Nd6 31. Nc6+ Kc7 32. Rf1 Rhf8 33. a3
b5 34. Ne5 c4 35. g5 Nc5 36. h4 Nce4 37. Nd7 Rxf1 38. Rxf1 Ng3 39. Rf3 Ngf5 40.
h5 Ne7 41. Nf8 h6 42. gxh6 gxh6 43. Rf6 Nxd5 44. Rf2 Ne4 45. Rf7+ Kd6 46. Rd7+
Ke5 47. Ng6+ Kxe6 48. Rh7 Ne3 49. b3 cxb3 50. cxb3 Rc8+ 51. Kb2 Rc2+ 52. Ka1
Nc3 53. Nf4+ Kf5 54. Rf7+ Kg4 0-1

[Event "Sparkassen-Open B"]
[Site "Heusenstamm, Martinsee"]
[Date "2021.11.20"]
[Round "4.7"]
[White "Lorenz, Alexander"]
[Black "Bauer, Ottmar"]
[Result "1/2-1/2"]
[WhiteElo "1667"]
[BlackElo "1750"]
[PlyCount "77"]
[EventDate "2021.??.??"]
[WhiteTeam "SV Bergwinkel"]
[BlackTeam "TSV Rottendorf"]

1. e4 c6 2. d4 d5 3. Nc3 dxe4 4. Nxe4 Nf6 5. Nxf6+ gxf6 6. Nf3 Bf5 7. Bc4 e6 8.
Bb3 Qc7 9. Nh4 Rg8 10. Nxf5 Qa5+ 11. c3 Qxf5 12. Qf3 Qxf3 13. gxf3 Bd6 14. Be3
Nd7 15. O-O-O Ke7 16. c4 f5 17. a3 Nf6 18. Bc2 Rg2 19. h3 a6 20. b4 b5 21. c5
Bc7 22. Rdf1 a5 23. Bb3 a4 24. Bd1 Rag8 25. f4 Kd7 26. Bf3 R2g6 27. Kc2 Rh6 28.
Rfg1 Rgg6 29. h4 Nh5 30. Bxh5 Rxh5 31. Rg5 Rgxg5 32. fxg5 f4 33. Bd2 e5 34. Kd3
f6 35. gxf6 Ke6 36. dxe5 Bxe5 37. Bc3 Kxf6 38. Bxe5+ Kxe5 39. f3 1/2-1/2

[Event "Sparkassen-Open B"]
[Site "Heusenstamm, Martinsee"]
[Date "2021.11.20"]
[Round "4.8"]
[White "Bigott, Martin"]
[Black "Stosberg, Marc"]
[Result "0-1"]
[WhiteElo "1745"]
[BlackElo "1692"]
[PlyCount "38"]
[EventDate "2021.??.??"]
[WhiteTeam "SK Köln-Südwest"]
[BlackTeam "Sfr. Mörfelden"]

1. g3 d5 2. Bg2 e5 3. Nf3 e4 4. Nd4 f5 5. d3 Nf6 6. O-O c6 7. f3 Bc5 8. c3 exf3
9. Rxf3 Qb6 10. e3 O-O 11. Nxf5 Bxf5 12. Rxf5 Bxe3+ 13. Bxe3 Qxe3+ 14. Kh1 Nbd7
15. Qd2 Ng4 16. Qxe3 Nxe3 17. Rxf8+ Rxf8 18. Na3 Rf2 19. Bh3 Ne5 0-1

[Event "Sparkassen-Open B"]
[Site "Heusenstamm, Martinsee"]
[Date "2021.11.20"]
[Round "4.9"]
[White "Bangerter, Daria"]
[Black "Tojcic, Josip"]
[Result "1/2-1/2"]
[WhiteElo "1627"]
[BlackElo "1756"]
[PlyCount "80"]
[EventDate "2021.??.??"]
[WhiteTeam "ASK Reti Zuerich"]
[BlackTeam "VL Frankfurt"]

1. e4 d5 2. exd5 Qxd5 3. Nc3 Qd8 4. d4 Bf5 5. Bf4 c6 6. Bc4 e6 7. Nge2 Nf6 8.
h3 Bd6 9. O-O O-O 10. Re1 Bxf4 11. Nxf4 Qc7 12. Nd3 Nbd7 13. Ne2 Rad8 14. Ng3
Bg6 15. c3 Rfe8 16. Ne5 Nxe5 17. Rxe5 Qxe5 18. dxe5 Rxd1+ 19. Rxd1 Nd5 20. Ne2
Kf8 21. Bd3 Bxd3 22. Rxd3 Ke7 23. g3 Rd8 24. Kf1 h5 25. Rd4 Nb6 26. Rxd8 Kxd8
27. Nf4 g6 28. b3 Nd5 29. Ne2 c5 30. c4 Nb4 31. Nc3 a6 32. Ke2 Kd7 33. Kd2 Nc6
34. f4 Nd4 35. Ne4 b6 36. Kd3 Nc6 37. Kc3 Nd8 38. g4 hxg4 39. hxg4 Kc6 40. Ng5
a5 1/2-1/2

[Event "Sparkassen-Open B"]
[Site "Heusenstamm, Martinsee"]
[Date "2021.11.20"]
[Round "4.10"]
[White "Traut, Stefan"]
[Black "Schellenberger, Dirk"]
[Result "1/2-1/2"]
[WhiteElo "1589"]
[BlackElo "1660"]
[PlyCount "117"]
[EventDate "2021.??.??"]
[WhiteTeam "SF Heusenstamm"]
[BlackTeam "SC Aschaffenburg"]

1. d4 Nf6 2. Nf3 g6 3. c4 c5 4. Nc3 cxd4 5. Nxd4 Nc6 6. e4 Nxd4 7. Qxd4 d6 8.
Be2 Bg7 9. Qd3 O-O 10. O-O Bd7 11. Be3 Bc6 12. Rac1 b6 13. f3 Rc8 14. b3 Nd7
15. Qd2 Re8 16. Bd4 Nc5 17. Bxg7 Kxg7 18. Bd3 Rh8 19. Bb1 Qd7 20. Rcd1 a5 21.
Nd5 Qa7 22. Kh1 Ra8 23. f4 Rhf8 24. f5 f6 25. fxg6 hxg6 26. Rde1 Rf7 27. Rf3
Rh8 28. Ree3 Nd7 29. Rh3 Ne5 30. Rxh8 Kxh8 31. Rh3+ Rh7 32. Rxh7+ Kxh7 33. Qe3
Bxd5 34. exd5 Qc7 35. Qf4 Qc5 36. h4 Qb4 37. Qe3 b5 38. h5 bxc4 39. hxg6+ Kg7
40. Qh3 Qe1+ 41. Kh2 Nxg6 42. Bxg6 Qe5+ 43. Kh1 Qe1+ 44. Kh2 Qe5+ 45. Kh1 Kxg6
46. Qg4+ Kf7 47. Qxc4 Qa1+ 48. Kh2 Qxa2 49. Qd3 Qa1 50. Qh7+ Ke8 51. Qg8+ Kd7
52. Qe6+ Kd8 53. Qg8+ Kc7 54. Qa8 Qe1 55. Qa7+ Kd8 56. Qa8+ Kc7 57. Qa7+ Kc8
58. Qa8+ Kd7 59. Qc6+ 1/2-1/2

[Event "Sparkassen-Open B"]
[Site "Heusenstamm, Martinsee"]
[Date "2021.11.20"]
[Round "4.11"]
[White "Jordake, Michael"]
[Black "Boscher, Hans"]
[Result "1-0"]
[WhiteElo "1744"]
[BlackElo "1578"]
[PlyCount "31"]
[EventDate "2021.??.??"]
[WhiteTeam "SC Bergen-Enkheim"]
[BlackTeam "SC Bad Soden"]

1. Nc3 d5 2. e4 e6 3. Nf3 Nf6 4. e5 Nfd7 5. d4 c5 6. dxc5 Bxc5 7. Bd3 Nc6 8.
Bf4 O-O 9. Bxh7+ Kh8 10. Bd3 f6 11. exf6 Nxf6 12. O-O Ng4 13. Bg3 Bd6 14. Nh4
Nge5 15. Qh5+ Kg8 16. Bh7+ 1-0

[Event "Sparkassen-Open B"]
[Site "Heusenstamm, Martinsee"]
[Date "2021.11.20"]
[Round "4.13"]
[White "Bengsch, Norbert"]
[Black "Vranckx, Oscar"]
[Result "1/2-1/2"]
[WhiteElo "1716"]
[BlackElo "1345"]
[PlyCount "126"]
[EventDate "2021.??.??"]
[WhiteTeam "SG Donautal Tuttlingen"]
[BlackTeam "SF Mainz"]

1. e4 c5 2. d4 cxd4 3. c3 Nf6 4. e5 Nd5 5. Nf3 Nc6 6. Bc4 Nb6 7. Bb3 e6 8. cxd4
d6 9. O-O dxe5 10. dxe5 Qc7 11. Re1 Bd7 12. Nc3 a6 13. Be3 O-O-O 14. Rc1 Kb8
15. a4 Bb4 16. Qc2 Rc8 17. Qe4 Qd8 18. Red1 Na8 19. Nb5 axb5 20. axb5 Qe7 21.
Rxd7 Qxd7 22. bxc6 Qe7 23. Nd4 Bc5 24. cxb7 Qxb7 25. Qxb7+ Kxb7 26. Nb5 Be7 27.
Ra1 Nc7 28. Ra7+ Kb8 29. Nd6 Bxd6 30. exd6 Nb5 31. Rxf7 Nxd6 32. Rxg7 Rc7 33.
Rxc7 Kxc7 34. Bxe6 Rb8 35. b3 Re8 36. Bc4 Nf5 37. Bf4+ Kb6 38. g3 h5 39. Bd3
Ne7 40. Be3+ Ka5 41. Bd2+ Kb6 42. Be3+ Kc6 43. Be2 Nd5 44. Bxh5 Rb8 45. Bf3
Rxb3 46. h4 Kd6 47. Bxd5 Kxd5 48. h5 Rb7 49. h6 Ke4 50. Kg2 Kf5 51. Kh3 Rb1 52.
g4+ Kg6 53. g5 Kh5 54. Kg3 Kg6 55. Kg4 Rb4+ 56. f4 Ra4 57. Bc5 Rc4 58. Bd6 Rd4
59. Be5 Ra4 60. h7 Kxh7 61. Kh5 Ra6 62. Bf6 Ra5 63. Be5 Ra6 1/2-1/2